Zahraniční obchod se více než ztrojnásobil

Vývoj zahraničného obchodu a ekonomika Českej republiky. Obrat zahraničného obchodu ČR. Teritoriálne rozloženie českého vývozu. Obchod s krajinami EÚ. Vývoz českého strojárstva a automobilov. Zmena meny, v ktorej sa odohrával český zahraničný obchod. Počet exportných firiem vzrastá. Internacionaliz...

ver descrição completa

Na minha lista:
Detalhes bibliográficos
Autor principal: Němeček, Josef
Formato: Capítulo de Livro
Idioma:tcheco
Assuntos:
Tags: Adicionar Tag
Sem tags, seja o primeiro a adicionar uma tag!

MARC

LEADER 00000naa$a2200000$$$4500
001 0012497
005 20231018123848.1
041 0 |a cze 
044 |a CZ 
245 1 0 |a Zahraniční obchod se více než ztrojnásobil  |c aut. Josef Němeček 
520 |a Vývoj zahraničného obchodu a ekonomika Českej republiky. Obrat zahraničného obchodu ČR. Teritoriálne rozloženie českého vývozu. Obchod s krajinami EÚ. Vývoz českého strojárstva a automobilov. Zmena meny, v ktorej sa odohrával český zahraničný obchod. Počet exportných firiem vzrastá. Internacionalizácia českého podnikania. 
610 2 0 |a obchod 
610 2 0 |a obchod zahraničný 
610 2 0 |a obchodníci 
610 2 0 |a vývoj 
610 2 0 |a vývoz 
610 2 0 |a priemysel strojársky 
610 2 0 |a automobily 
610 2 0 |a podnikanie 
610 2 0 |a Česko 
610 2 0 |a Európska únia 
100 1 |a Němeček, Josef